| 000 | 01089cam a2200361 a 4500 | ||
|---|---|---|---|
| 001 | 13675181 | ||
| 003 | NUST | ||
| 005 | 20220119142352.0 | ||
| 008 | 040706s2004 pk b 001 0 eng | ||
| 010 | _a 2004343969 | ||
| 020 | _a9693515641 | ||
| 025 | _aP-E-2004343969; 10 | ||
| 035 | _a(DLC) 2004343969 | ||
| 038 | _awaseem | ||
| 040 |
_aDLC _cDLC _dDLC |
||
| 042 | _alcode | ||
| 043 | _aa-ir--- | ||
| 050 | 0 | 0 |
_aB151 _b.I6 2004 |
| 082 | 0 | 0 |
_a181.5 _bIQB |
| 100 | 1 |
_aIqbal, Muhammad, _cSir, _d1877-1938. _988504 |
|
| 245 | 1 | 4 |
_aThe development of metaphysics in Persia : _cby Muhammad Iqbal |
| 246 | 3 | 0 | _aMetaphysics in Persia |
| 260 |
_aLondon : _bGreat Russel Street, _c1908. |
||
| 300 |
_a195 p. ; _c22 cm. |
||
| 504 | _aIncludes bibliographical references and index. | ||
| 563 | _aHBK. | ||
| 650 | 0 |
_aPhilosophy, Iranian. _988505 |
|
| 650 | 0 |
_aIslamic philosophy. _988506 |
|
| 650 | 0 |
_aIslamic philosophy _zIran. _988507 |
|
| 906 |
_a7 _bcbc _corigode _d3 _encip _f20 _gy-gencatlg |
||
| 942 |
_2ddc _cBK |
||
| 999 |
_c587648 _d587648 |
||